Tourism concepts / (Record no. 32317)

000 -LEADER
fixed length control field 00445nam a2200145 4500
008 - FIXED-LENGTH DATA ELEMENTS--GENERAL INFORMATION
fixed length control field 250819b |||||||| |||| 00| 0 eng d
020 ## - INTERNATIONAL STANDARD BOOK NUMBER
International Standard Book Number 9789395172059
050 ## - LIBRARY OF CONGRESS CALL NUMBER
Classification number G155.A1
Item number D26 2022
100 ## - MAIN ENTRY--PERSONAL NAME
Personal name Dasgupta S. S.
245 ## - TITLE STATEMENT
Title Tourism concepts /
Statement of responsibility, etc. S. S. Dasgupta
260 ## - PUBLICATION, DISTRIBUTION, ETC. (IMPRINT)
Place of publication, distribution, etc. Bengaluru :
Name of publisher, distributor, etc. University Science Press,
Date of publication, distribution, etc. 2022
300 ## - PHYSICAL DESCRIPTION
Extent 324 p. :
Other physical details ill. ;
Dimensions 26
650 ## - SUBJECT ADDED ENTRY--TOPICAL TERM
Topical term or geographic name as entry element Tourism
942 ## - ADDED ENTRY ELEMENTS (KOHA)
Source of classification or shelving scheme
Koha item type Hard Covered Materials
Classification part G155 .A1D26 2022
Holdings
Withdrawn status Lost status Source of classification or shelving scheme Damaged status Not for loan Home library Current library Shelving location Date acquired Source of acquisition Cost, normal purchase price Total Checkouts Full call number Barcode Date last seen Price effective from Koha item type
          MACHAKOS UNIVERSITY LIBRARY MACHAKOS UNIVERSITY LIBRARY Open shelf 14/08/2025 Corporate Campus 3679.00   G155 .A1D26 2022 40249 19/08/2025 19/08/2025 Hard Covered Materials
© Machakos University Library, Along The Highway, Machakos Wote Rd, Machakos, Kenya P.O. Box 136 - 90100 Machakos - Kenya

Tel: ( +254 ) 723 805829 OR Fax : 044-20353 OR Email: library@mksu.ac.ke